000 00292nam a22001337a 4500
008 170526b xxu||||| |||| 00| 0 eng d
020 _a0849344085
041 _aeng
080 _a621
100 _a27
101 _aIM
245 _aVECTOR CONTROL OF AC DRIVES
_cBOLDEA, I
942 _2udc
_cBK
999 _c14566
_d14566